000 00993cab a2200277 4500
001 ABS53535
008 090401t1995 xxu||||| |||| 00| 0 eng d
035 _a(Sirsi) u4976
041 _aeng
100 _aGreenwood, D.
245 _aSecurity of payment in the light of the Latham Report: an opportunity to remove unacceptable risks?
260 _c1995
350 _a0
490 _aConstruction Law Journal
_v11(4) 16 November 1995, 255-261(4)
520 _aThis paper assesses the implications of Latham report recommendations on security of payments by comparing developments prior to the report with the proposed changes.
650 _aALTERNATIVE PAYMENT PROVISIONS
650 _aBUILT ENVIRONMENT-BUILDING CONTRACT FORMS
650 _aLATHAM REFORMS
650 _aPAYMENT RISKS
650 _aSECURITY OF PAYMENT
650 _aSTANDARD FORM CONTRACTS
690 _aBUILT ENVIRONMENT-BUILDING CONTRACT FORMS
700 _aKlein, R.
942 _n0
948 _c04/03/1997
999 _c3000
_d3000